A Textbook of Workshop Technology : (manufacturing processes) (Record no. 4979)
[ view plain ]
| 000 -LEADER | |
|---|---|
| fixed length control field | 00688nam a2200229 a 4500 |
| 003 - CONTROL NUMBER IDENTIFIER | |
| control field | PK-NaQUE |
| 005 - DATE AND TIME OF LATEST TRANSACTION | |
| control field | 20260306100744.0 |
| 008 - FIXED-LENGTH DATA ELEMENTS--GENERAL INFORMATION | |
| fixed length control field | 260306b ||||| |||| 00| 0 eng d |
| 020 ## - INTERNATIONAL STANDARD BOOK NUMBER | |
| International Standard Book Number | 812190868X (paperback) |
| 020 ## - INTERNATIONAL STANDARD BOOK NUMBER | |
| International Standard Book Number | 9788121908689 (paperback) |
| 040 ## - CATALOGING SOURCE | |
| Transcribing agency | QUEST |
| 100 1# - MAIN ENTRY--PERSONAL NAME | |
| Personal name | Khurmi, R. S. |
| 245 12 - TITLE STATEMENT | |
| Title | A Textbook of Workshop Technology : (manufacturing processes) |
| 260 ## - PUBLICATION, DISTRIBUTION, ETC. (IMPRINT) | |
| Place of publication, distribution, etc | [S.l.] : |
| Name of publisher, distributor, etc | S Chand & Co Ltd, |
| Date of publication, distribution, etc | 2010. |
| 300 ## - PHYSICAL DESCRIPTION | |
| Extent | 551 p. ; |
| 650 ## - SUBJECT ADDED ENTRY--TOPICAL TERM | |
| Topical term or geographic name as entry element | Production engineering |
| 650 ## - SUBJECT ADDED ENTRY--TOPICAL TERM | |
| Topical term or geographic name as entry element | Manufacturing processes |
| 650 ## - SUBJECT ADDED ENTRY--TOPICAL TERM | |
| Topical term or geographic name as entry element | Machine-shop practice |
| 700 1# - ADDED ENTRY--PERSONAL NAME | |
| Personal name | Gupta, J.K. |
| 856 40 - ELECTRONIC LOCATION AND ACCESS | |
| Uniform Resource Identifier | http://10.10.170.122:8080/browse/book/29361 |
| Link text | Download eBook |
| 942 ## - ADDED ENTRY ELEMENTS (KOHA) | |
| Koha item type | Books |
| Source of classification or shelving scheme | |
| Withdrawn status | Lost status | Damaged status | Not for loan | Permanent Location | Current Location | Date acquired | Cost, normal purchase price | Total Checkouts | Full call number | Barcode | Date last seen | Date checked out | Price effective from | Koha item type |
|---|---|---|---|---|---|---|---|---|---|---|---|---|---|---|
| Central Library, QUEST, Nawabshah | Central Library, QUEST, Nawabshah | 2014-06-03 | 486.00 | 6 | KHU | 39773 | 2023-06-13 | 2023-01-18 | 2014-06-03 | Books | ||||
| Central Library, QUEST, Nawabshah | Central Library, QUEST, Nawabshah | 2014-06-03 | 486.00 | KHU | 39774 | 2014-06-03 | 2014-06-03 | Books | ||||||
| Lost and Paid For | Central Library, QUEST, Nawabshah | Central Library, QUEST, Nawabshah | 2014-06-03 | 486.00 | 3 | KHU | 39775 | 2017-11-07 | 2017-11-07 | Books | ||||
| Central Library, QUEST, Nawabshah | Central Library, QUEST, Nawabshah | 2015-10-27 | 614.00 | 4 | 621.9KHU | 52724 | 2023-08-29 | 2022-12-06 | 2015-10-27 | Books | ||||
| Central Library, QUEST, Nawabshah | Central Library, QUEST, Nawabshah | 2015-10-27 | 614.00 | 1 | 621.9KHU | 52725 | 2018-11-20 | 2016-11-04 | 2015-10-27 | Books | ||||
| Central Library, QUEST, Nawabshah | Central Library, QUEST, Nawabshah | 2015-10-27 | 614.00 | 621.9KHU | 52727 | 2015-10-27 | 2015-10-27 | Books | ||||||
| Central Library, QUEST, Nawabshah | Central Library, QUEST, Nawabshah | 2015-10-27 | 614.00 | 3 | 621.9KHU | 52728 | 2022-06-01 | 2022-01-21 | 2015-10-27 | Books | ||||
| Central Library, QUEST, Nawabshah | Central Library, QUEST, Nawabshah | 2015-10-27 | 614.00 | 6 | 621.9KHU | 52729 | 2022-06-13 | 2022-03-28 | 2015-10-27 | Books | ||||
| Central Library, QUEST, Nawabshah | Central Library, QUEST, Nawabshah | 2015-10-27 | 614.00 | 4 | 621.9KHU | 52730 | 2022-03-25 | 2022-01-14 | 2015-10-27 | Books | ||||
| Central Library, QUEST, Nawabshah | Central Library, QUEST, Nawabshah | 2015-10-20 | 614.25 | 1 | 621.9KHU | 53246 | 2024-10-02 | 2024-09-10 | 2023-11-28 | Books | ||||
| Central Library, QUEST, Nawabshah | Central Library, QUEST, Nawabshah | 2014-10-24 | 535.00 | 621.9KHU | 50804 | 2023-11-28 | 2023-11-28 | Books | ||||||
| Central Library, QUEST, Nawabshah | Central Library, QUEST, Nawabshah | 2014-10-24 | 535.00 | 621.9KHU (Shelf -68B) | 50805 | 2023-11-28 | Books | |||||||
| Central Library, QUEST, Nawabshah | Central Library, QUEST, Nawabshah | 2014-10-24 | 535.00 | 621.9KHU | 50806 | 2023-11-28 | 2023-11-28 | Books | ||||||
| Library for Girls | Library for Girls | 2015-10-27 | 614.00 | 621.9KHU | 52726 | 2015-10-27 | Books |